Bienvenue à la Médiathèque de Saint-Andiol
banniere
Accueil Recherche avancée Mon compte
handi1 Rechercher dans le catalogue

Filtre   Mots-clés
  Recherche avancée
 
Lister les dernières nouveautés
 
Lister les livres GROS CARACTERES
 
Lister les périodiques (magazines)

handi1 Monstres

<< Retourner aux résultats de la recherche
Book Cover
Auteur principal : Anne Crahay
Titre : Monstres
Support : Livres
Langue : Francais
Publié : DL 2021 Albin Michel Jeunesse Paris
Series : Comme-ci, comme-ça
Genre : Album
Collection : Comme-ci comme-ça
Sujets :
Étiquettes :
Pas de tags
LEADER 00940nam0a2200241 450
001 16855708
010 |a 978-2-226-45758-5  |b rel.  |d 7,5 € 
100 |a 20211231d2026 u u0frey01 ba 
101 0 |a fre 
102 |a FR 
200 0 |a Monstres  |f Anne Crahay 
207 1 |a   
210 |a Paris  |b 22, rue Huygens  |c Albin Michel Jeunesse  |d DL 2021 
215 |a 1 vol. (non paginé [10] p.)  |c ill. en coul.  |d 14 cm 
225 1 |a Comme-ci comme-ça 
300 |a Petite enfance - Livre cartonné à volets 
330 |a Fée ou sorcière ? Yéti ou monstre marin ? Momie ou fantôme ? Cyclope ou Martien ? Ouvre le volet, et transforme les monstres : comme-ci, ou comme-ça ! A partir de 2 ans 
461 0 |t Comme-ci, comme-ça 
606 0 |a Monstres  |x Livres d'images 
700 0 |a Crahay  |b Anne  |f 1973-....  |4 70 
900 |a Album 
901 |a Jeunesse 
995 |a Médiathèque  |c Médiathèque  |f 089018525  |h 089018525  |k A CRA BB  |o p  |q j  |r az  |e Médiathèque